| 000 | 00633cam a2200193K 4500 | ||
|---|---|---|---|
| 082 | 0 | 4 |
_a355.4 _bAST _cD |
| 100 | 1 |
_aAston, George, _950057 |
|
| 245 | 1 | 0 |
_aSea, land, and air strategy _ba comparison, _cby Sir George Aston. |
| 260 |
_aLondon, _bJ. Murray, _c1914. |
||
| 300 |
_a1 online resource (xi, 308 p.) _billus. |
||
| 526 |
_a0 _b0 _c0 _d355_400000000000000_AST |
||
| 650 | 0 |
_aAeronautics, Military. _949493 |
|
| 650 | 0 |
_aMCE _9379 |
|
| 650 | 0 |
_aMilitary art and science. _937914 |
|
| 650 | 0 |
_aSea-power. _949341 |
|
| 650 | 0 | _aStrategy. | |
| 856 | 4 | 0 | _uhttp://catalog.hathitrust.org/api/volumes/oclc/3132599.html |
| 942 |
_2ddc _cBK |
||
| 999 |
_c552805 _d552805 |
||